00323nam a2200121Ia 4500008004100000024001400041082001700055100001900072245002600091260002500117600002100142650003800163250506s9999 xx 000 0 und d a11B-23-BS a005.1072 SYE aSyed Munib Ali 0aE-Banking (code book) aKarachi:bUIT,c2011 aComputer Science aBachelor of Computer Science (BS)